[Event "Online Olym Div2 B 2021"]
[Site "chess.com INT"]
[Date "2021.09.03"]
[Round "4.2"]
[Board "5"]
[White "Sonis, Francesco"]
[Black "Morgunov, Marc"]
[Result "1/2-1/2"]
[WhiteTitle "IM"]
[BlackTitle "FM"]
[WhiteElo "2523"]
[BlackElo "2386"]
[WhiteTeam "Italy"]
[BlackTeam "Austria"]
[WhiteFideId "895733"]
[BlackFideId "1640305"]
[EventDate "2021.09.02"]
[EventType "team"]

1. d4 Nf6 2. c4 g6 3. g3 Bg7 4. Bg2 O-O 5. Nc3 d6 6. Nf3 Nc6 7. d5 Na5 8. b3 c6
9. Bb2 cxd5 10. cxd5 Bd7 11. O-O b5 12. Nd4 Qb6 13. Qd3 a6 14. Rac1 Rac8 15. Nb1
e5 16. dxe6 fxe6 17. e4 Rxc1 18. Rxc1 Ng4 19. Rc2 Nxf2 20. Rxf2 Rxf2 21. Kxf2 e5
22. Nc3 Qxd4+ 23. Qxd4 exd4 24. Nd5 Nc6 25. Bf1 Be5 26. a4 Na5 27. Nc7 Nxb3 28.
axb5 axb5 29. Nxb5 Nd2 30. Nxd4 Nxe4+ 31. Ke3 Nf6 32. Be2 Kf7 33. Ba3 d5 34. Nf3
Bc7 35. Bb2 Bb6+ 36. Kf4 Bc7+ 37. Be5 Nh5+ 38. Ke3 Bb6+ 39. Bd4 Bd8 40. Ne5+ Ke7
41. Bc5+ Ke8 42. Kd4 Nf6 43. Nxd7 Kxd7 44. Ke5 Ne4 45. Bb5+ Kc7 46. Bb4 Bf6+ 47.
Kxd5 Nc3+ 48. Ke6 Bd4 49. Bc4 Nd1 50. Bd6+ Kc6 51. Bd5+ Kb5 52. Kf7 Ne3 53. Bf3
Kc4 54. Bf4 Kd3 55. Kg8 h5 56. Kf7 Nf1 57. h4 Bf2 58. Kxg6 Bxg3 59. Bg5 Nd2 60.
Bxh5 Ne4 61. Bd8 Kd4 62. Bg4 Bxh4 63. Bxh4 Nc3 64. Kf5 Nd5 65. Bf2+ Kd3 66. Ke5
Ne3 67. Bf3 Nc4+ 68. Kf4 Nd2 69. Bg4 Nc4 70. Bf5+ Kc3 71. Be1+ Kd4 72. Be4 Nd6
73. Bf2+ Kc3 74. Bd5 Nc4 75. Bc5 Nb2 76. Ke4 Nd3 77. Bd6 Nb2 78. Be5+ Kc2 79.
Kd4 Kd2 80. Be4 Nd1 81. Bf4+ Ke2 82. Bg6 Kf3 83. Bc7 Nf2 84. Bh5+ Kg2 85. Ke3
Nh3 86. Bf3+ Kg1 87. Bg3 Kf1 88. Bd5 Kg1 89. Bh4 Kf1 90. Kf3 Ng1+ 91. Kg4 Ke2
92. Bc4+ Kd1 93. Kf4 Ne2+ 94. Ke3 Nc1 95. Bb5 Kc2 96. Ba4+ Kc3 97. Bf6+ Kb4 98.
Bd1 Nb3 99. Kd3 Nc5+ 100. Kd4 Nb3+ 101. Kd5 Nd2 102. Bh4 Kc3 103. Be2 Nb3 104.
Be1+ Kc2 105. Kc4 Nd2+ 106. Kb4 Nb3 107. Bh5 Nd2 108. Bh4 Kd3 109. Bg5 Ne4 110.
Bh6 Kd4 111. Bg6 Ke5 112. Bg7+ Kf4 113. Bxe4 Kxe4 1/2-1/2

[Event "Online Olym Div2 B 2021"]
[Site "chess.com INT"]
[Date "2021.09.03"]
[Round "4.2"]
[Board "6"]
[White "Katter, Katharina"]
[Black "Grimaldi, Angela Flavia"]
[Result "0-1"]
[BlackTitle "WFM"]
[WhiteElo "1939"]
[BlackElo "2078"]
[WhiteTeam "Austria"]
[BlackTeam "Italy"]
[WhiteFideId "1642626"]
[BlackFideId "2805214"]
[EventDate "2021.09.02"]
[EventType "team"]

1. d4 d5 2. Nf3 Nf6 3. c4 e6 4. Nc3 Be7 5. Bf4 O-O 6. e3 b6 7. cxd5 Nxd5 8. Nxd5
Qxd5 9. Bxc7 Qa5+ 10. Nd2 Na6 11. Bg3 Bb7 12. a3 Rac8 13. b4 Qd5 14. Qb3 Qxb3
15. Nxb3 Rc3 16. Rb1 Rfc8 17. b5 Nc7 18. Kd2 Nd5 19. Bd3 f5 20. Rhc1 Bxa3 21.
Rxc3 Nxc3 22. Ra1 Bb4 23. f3 Nxb5+ 24. Ke2 Nc3+ 25. Kf2 a5 26. Nd2 Bd5 27. e4
fxe4 28. fxe4 Rf8+ 29. Ke3 Bb7 30. Bc4 Re8 31. Bc7 b5 32. Bxa5 Bxa5 33. Bxb5
Nxb5 34. Rxa5 Nd6 35. Ra7 Ra8 36. Rxa8+ Bxa8 37. g4 Kf7 38. Kf4 Nb5 39. Ke5 Nc3
40. h4 h6 41. Kf4 g6 42. Ke5 Bb7 43. Kf4 Kf6 44. g5+ hxg5+ 45. hxg5+ Ke7 46. Ke5
Ba8 47. d5 exd5 48. exd5 Nxd5 49. Ne4 Ne3 50. Nf6 Kf7 51. Nd7 Bh1 52. Nf6 Nf5
53. Kf4 Ke6 54. Ng4 Ng7 55. Ne5 Nh5+ 56. Kg4 Kxe5 57. Kh4 Kf5 58. Kh3 Kxg5 0-1

[Event "Online Olym Div2 B 2021"]
[Site "chess.com INT"]
[Date "2021.09.03"]
[Round "4.3"]
[Board "1"]
[White "Sirosh, Ilja"]
[Black "Madaminov, Mukhiddin"]
[Result "0-1"]
[WhiteTitle "IM"]
[BlackTitle "FM"]
[WhiteElo "2400"]
[BlackElo "2260"]
[WhiteTeam "Estonia"]
[BlackTeam "Uzbekistan"]
[WhiteFideId "4500458"]
[BlackFideId "14210703"]
[EventDate "2021.09.02"]
[EventType "team"]

1. e4 e5 2. Nf3 Nc6 3. Bc4 Nf6 4. d3 h6 5. c3 d6 6. Nbd2 g6 7. O-O Bg7 8. Bb3
O-O 9. Nc4 Be6 10. Ne3 d5 11. Bc2 d4 12. Nc4 dxc3 13. bxc3 Nxe4 14. dxe4 Bxc4
15. Re1 Qxd1 16. Rxd1 Rfd8 17. Rxd8+ Rxd8 18. Be3 Bd3 19. Bxd3 Rxd3 20. Rc1 f5
21. Ne1 Rd7 22. f3 Kf7 23. Kf1 Bf8 24. Ke2 Na5 25. Rb1 b6 26. Nd3 Nc4 27. a4 Ke6
28. g4 f4 29. Bf2 Be7 30. h4 c6 31. Rg1 a6 32. h5 g5 33. Rb1 b5 34. Ra1 a5 35.
Be1 Kd6 36. Bf2 Kc7 37. Be1 Kb7 38. Bf2 Ka6 39. Be1 bxa4 40. Rxa4 Rxd3 41. Rxc4
Re3+ 42. Kd2 Kb5 0-1

[Event "Online Olym Div2 B 2021"]
[Site "chess.com INT"]
[Date "2021.09.03"]
[Round "4.3"]
[Board "2"]
[White "Rakhmatullaev, Almas"]
[Black "Vorobjov, Pavel"]
[Result "1-0"]
[WhiteElo "2183"]
[BlackElo "2293"]
[WhiteTeam "Uzbekistan"]
[BlackTeam "Estonia"]
[WhiteFideId "14205793"]
[BlackFideId "4500989"]
[EventDate "2021.09.02"]
[EventType "team"]

1. d4 Nf6 2. Nf3 d5 3. Bf4 c5 4. e3 Nc6 5. c3 Qb6 6. Qc1 Bf5 7. Nbd2 e6 8. Be2
Rc8 9. O-O Be7 10. Nb3 cxd4 11. exd4 O-O 12. Nh4 Be4 13. f3 Bg6 14. Nxg6 hxg6
15. Qd2 a5 16. Be3 a4 17. Nc5 Bxc5 18. dxc5 Qa5 19. b4 axb3 20. axb3 Qc7 21. b4
e5 22. Rfd1 Rfd8 23. Bg5 d4 24. Bc4 dxc3 25. Qxc3 Nd4 26. Ra7 Nd5 27. Bxd8 Rxd8
28. Qe1 Nb6 29. Ba2 Nc8 30. Ra8 b6 31. Rc1 Qb7 32. Ra3 bxc5 33. Rxc5 Qb6 34.
Qxe5 Nc2 35. Rc3 Nxb4 36. Qc7 Rd1+ 37. Kf2 Nxa2 38. Qxc8+ Kh7 39. Qh3+ Kg8 40.
Qc8+ Kh7 41. Rc4 Rd8 42. Qc7 Qb2+ 43. Kg3 Rd4 44. Qxf7 Rxc4 45. Qxc4 Nb4 46.
Qh4+ Kg8 47. Rc8+ Kf7 48. Qf4+ Ke7 49. Rc7+ Kd8 50. Qd6+ 1-0

[Event "Online Olym Div2 B 2021"]
[Site "chess.com INT"]
[Date "2021.09.03"]
[Round "4.3"]
[Board "3"]
[White "Sinitsina, Anastassia"]
[Black "Salimova, Asal"]
[Result "1-0"]
[WhiteTitle "WFM"]
[WhiteElo "2115"]
[BlackElo "1905"]
[WhiteTeam "Estonia"]
[BlackTeam "Uzbekistan"]
[WhiteFideId "4504640"]
[BlackFideId "14204940"]
[EventDate "2021.09.02"]
[EventType "team"]

1. Nf3 g6 2. g3 Bg7 3. Bg2 d6 4. O-O e5 5. d3 f5 6. c4 Nf6 7. Qc2 O-O 8. b4 Nbd7
9. Bb2 h6 10. Nbd2 Nh7 11. Rfc1 c6 12. Rab1 Ng5 13. Nxg5 hxg5 14. a4 a5 15. b5
c5 16. Nf1 f4 17. Nd2 Nf6 18. Ne4 Nxe4 19. Bxe4 Qf6 20. Bf3 g4 21. Bd5+ Kh7 22.
Rf1 f3 23. Rfe1 Rb8 24. exf3 gxf3 25. Re3 Bg4 26. Re4 Qf5 27. h3 Bxh3 28. Rh4+
Bh6 29. Bc1 g5 30. Be4 gxh4 31. Bxf5+ Rxf5 32. Kh2 Bg2 33. d4 hxg3+ 34. fxg3 e4
35. Qxe4 Rf8 36. Bxh6 Kxh6 37. dxc5 dxc5 38. g4 Rf4 39. Qe3 Kg6 40. Kg3 R4f6 41.
Qxc5 b6 42. Qd4 Re8 43. Qd3+ Kf7 44. g5 Rfe6 45. Qh7+ Kf8 46. g6 Rxg6+ 47. Qxg6
Re7 48. Qxb6 Re2 49. Qf6+ Ke8 50. b6 1-0

[Event "Online Olym Div2 B 2021"]
[Site "chess.com INT"]
[Date "2021.09.03"]
[Round "4.3"]
[Board "4"]
[White "Malikova, Marjona"]
[Black "Viikmaa, Karmen"]
[Result "1-0"]
[WhiteElo "1684"]
[BlackElo "1720"]
[WhiteTeam "Uzbekistan"]
[BlackTeam "Estonia"]
[WhiteFideId "14212463"]
[BlackFideId "4502620"]
[EventDate "2021.09.02"]
[EventType "team"]

1. d4 Nf6 2. c4 g6 3. Nc3 Bg7 4. e4 d6 5. f3 O-O 6. Be3 Nbd7 7. Bd3 e5 8. d5 a5
9. Nge2 c6 10. Qd2 Nc5 11. Bc2 Qc7 12. O-O Qe7 13. Bg5 Re8 14. Rfd1 Rd8 15. Na4
Nxa4 16. Bxa4 cxd5 17. cxd5 Qf8 18. Rac1 h6 19. Be3 Bd7 20. Bxd7 Nxd7 21. Rc7 b6
22. Rc6 Rab8 23. b4 axb4 24. Qxb4 Ra8 25. Nc3 Nc5 26. Rxb6 Rdc8 27. Nb5 Ra4 28.
Qb1 Rd8 29. Nxd6 Nd7 30. Rb4 Ra3 31. Nc4 Rxa2 32. d6 Ra6 33. h3 Qe8 34. Bb6 Rda8
35. Bc7 Qe6 36. Nb6 Nxb6 37. Rxb6 Qc4 38. Rxa6 Rxa6 39. d7 Qe2 40. d8=Q+ Kh7 41.
Qdd3 1-0

[Event "Online Olym Div2 B 2021"]
[Site "chess.com INT"]
[Date "2021.09.03"]
[Round "4.3"]
[Board "5"]
[White "Rychagov, Nikita"]
[Black "Begmuratov, Khumoyun"]
[Result "0-1"]
[BlackTitle "CM"]
[WhiteElo "1985"]
[BlackElo "2148"]
[WhiteTeam "Estonia"]
[BlackTeam "Uzbekistan"]
[WhiteFideId "4508394"]
[BlackFideId "14210207"]
[EventDate "2021.09.02"]
[EventType "team"]

1. e4 e5 2. Nf3 Nc6 3. d4 exd4 4. Nxd4 Nf6 5. Nxc6 bxc6 6. e5 Qe7 7. Qe2 Nd5 8.
c4 Nb6 9. Nc3 Ba6 10. b3 Qe6 11. Bb2 Bc5 12. O-O-O O-O 13. Ne4 Be7 14. Qe3 Rab8
15. Bd3 Rb7 16. f4 Qh6 17. Ng5 Bxg5 18. fxg5 Qe6 19. Qe4 g6 20. Rhf1 d5 21. exd6
Qxe4 22. Bxe4 cxd6 23. Rxd6 Bxc4 24. bxc4 Nxc4 25. Rxc6 Nxb2 26. Rxg6+ hxg6 27.
Bxb7 Nd3+ 28. Kd2 Nc5 29. Bf3 Rd8+ 30. Ke3 Rd3+ 31. Ke2 Rd4 32. Rc1 Ne6 33. Rc8+
Kg7 34. Ra8 Ra4 35. h4 Rxa2+ 36. Ke3 Ra3+ 37. Kf2 a5 38. Bd5 Nc7 39. Rd8 Rd3 0-1

[Event "Online Olym Div2 B 2021"]
[Site "chess.com INT"]
[Date "2021.09.03"]
[Round "4.3"]
[Board "6"]
[White "Khegay, Yuliya"]
[Black "Blokhin, Sofia"]
[Result "0-1"]
[WhiteTitle "WFM"]
[WhiteElo "1848"]
[BlackElo "2022"]
[WhiteTeam "Uzbekistan"]
[BlackTeam "Estonia"]
[WhiteFideId "14205394"]
[BlackFideId "4508190"]
[EventDate "2021.09.02"]
[EventType "team"]

1. e4 c5 2. Nf3 e6 3. d4 cxd4 4. Nxd4 a6 5. Bd3 Nf6 6. Qe2 d6 7. Nc3 Be7 8. O-O
O-O 9. h3 b5 10. f4 b4 11. Nd1 Bb7 12. Nf2 Nbd7 13. g4 Nc5 14. Nb3 Nxd3 15. cxd3
e5 16. Re1 a5 17. Be3 Nd7 18. Rac1 a4 19. Nd2 d5 20. Nf3 d4 21. Bd2 f6 22. f5
Ba6 23. h4 Bb5 24. Kg2 Qb6 25. Red1 Qa6 26. g5 Rac8 27. gxf6 gxf6 28. Kh3 b3 29.
Bh6 Rf7 30. Rg1+ Kh8 31. a3 Rxc1 32. Rxc1 Nc5 33. Rd1 Bf8 34. Bxf8 Rxf8 35. Ne1
Rg8 36. Ng4 Rf8 37. Nh6 Bc6 38. Qf3 Qb7 39. Rd2 Qg7 40. Ng4 h5 41. Nh2 Qh6 42.
Rg2 Bd7 43. Qg3 Ne6 44. Nhf3 Nf4+ 45. Kh2 Nxg2 46. Nxg2 Rg8 47. Qf2 Bb5 48. Nfe1
Rg4 49. Kh3 Qc1 50. Qe2 Kg7 51. Kh2 Qc7 52. Kh3 Bd7 53. Qd2 Kh7 54. Qb4 Bc6 55.
Qf8 Qg7 56. Qc5 Rg3+ 57. Kh2 Bd7 58. Qd6 Bb5 59. Qb4 Bxd3 60. Nxd3 Rxg2+ 0-1

[Event "Online Olym Div2 B 2021"]
[Site "chess.com INT"]
[Date "2021.09.03"]
[Round "4.4"]
[Board "1"]
[White "Salih, Akar Ali Salih"]
[Black "Blackburn, Jonathan L B"]
[Result "1/2-1/2"]
[WhiteTitle "FM"]
[BlackTitle "FM"]
[WhiteElo "2270"]
[BlackElo "2232"]
[WhiteTeam "Iraq"]
[BlackTeam "Wales"]
[WhiteFideId "4800575"]
[BlackFideId "1801090"]
[EventDate "2021.09.02"]
[EventType "team"]

1. e4 e6 2. d4 d5 3. Nc3 Bb4 4. e5 c5 5. a3 Bxc3+ 6. bxc3 Qa5 7. Bd2 Qa4 8. Qb1
c4 9. h4 Nc6 10. Nf3 b6 11. h5 h6 12. g3 Bd7 13. Bh3 Nge7 14. Nh4 g5 15. hxg6
fxg6 16. Ng2 g5 17. Ne3 O-O-O 18. Ng4 Nf5 19. Qb2 h5 20. Nf6 g4 21. Bg2 h4 1/2-1/2

[Event "Online Olym Div2 B 2021"]
[Site "chess.com INT"]
[Date "2021.09.03"]
[Round "4.4"]
[Board "2"]
[White "Toczek, Grzegorz"]
[Black "Ahmed, Ali Layth Ahmed"]
[Result "1-0"]
[WhiteTitle "FM"]
[BlackTitle "FM"]
[WhiteElo "2271"]
[BlackElo "2253"]
[WhiteTeam "Wales"]
[BlackTeam "Iraq"]
[WhiteFideId "1106457"]
[BlackFideId "4801920"]
[EventDate "2021.09.02"]
[EventType "team"]

1. e4 c6 2. d4 d5 3. Nd2 dxe4 4. Nxe4 Nf6 5. Nxf6+ exf6 6. c3 Bd6 7. Bd3 O-O 8.
Qc2 Re8+ 9. Ne2 h5 10. Be3 Nd7 11. O-O-O Nf8 12. Kb1 Be6 13. c4 Rc8 14. Nc3 Bb4
15. a3 Bxc3 16. Qxc3 b5 17. d5 cxd5 18. c5 Qd7 19. Ka1 Ng6 20. Qa5 Rb8 21. Rc1
Ne5 22. Rhd1 Nc6 23. Qd2 b4 24. Bc4 Red8 25. Ba2 bxa3 26. bxa3 d4 27. Bf4 Rb5
28. Bd6 Bxa2 29. Qxa2 Qf5 30. Qc2 Qe6 31. Qc4 Qxc4 32. Rxc4 Rd7 33. Ra4 Rdb7 34.
Ra6 Na5 35. c6 R7b6 36. c7 1-0

[Event "Online Olym Div2 B 2021"]
[Site "chess.com INT"]
[Date "2021.09.03"]
[Round "4.4"]
[Board "3"]
[White "Al-Fayyadh, Zainab Asif Abdulah"]
[Black "Chong, Kimberly"]
[Result "0-1"]
[WhiteElo "1658"]
[BlackElo "1790"]
[WhiteTeam "Iraq"]
[BlackTeam "Wales"]
[WhiteFideId "4806476"]
[BlackFideId "1804723"]
[EventDate "2021.09.02"]
[EventType "team"]

1. e4 d5 2. exd5 Nf6 3. d4 Nxd5 4. Nf3 g6 5. Be2 Bg7 6. O-O O-O 7. c4 Nb6 8. h3
Nc6 9. Be3 e5 10. dxe5 Nxe5 11. Nxe5 Bxe5 12. Nc3 Be6 13. Qc2 Qh4 14. Ne4 h6 15.
Rab1 Bxh3 16. gxh3 Qxh3 17. Ng3 Bxg3 18. fxg3 Qxg3+ 19. Kh1 Qxe3 20. Rf3 Qe6 21.
Rg1 Rae8 22. Bd3 Qc6 23. Qg2 Re6 24. b3 Rf6 25. Rgf1 Rxf3 26. Rxf3 Re8 27. Kg1
Qc5+ 28. Kh2 Qh5+ 29. Kg1 Re1+ 30. Rf1 Qc5+ 31. Kh2 Qe5+ 32. Kh1 Rxf1+ 33. Qxf1
Qh5+ 34. Kg2 Qg4+ 35. Kh2 Nd7 36. Qe2 Qf4+ 37. Kg1 Ne5 38. Be4 Qg3+ 39. Bg2 h5
40. Kf1 Qf4+ 41. Qf2 Qxf2+ 42. Kxf2 b6 43. Ke3 Kg7 44. Bb7 Kf6 45. Ke4 Nd7 46.
b4 a5 47. a3 Kg5 48. Kd5 axb4 49. axb4 h4 50. Kc6 Ne5+ 51. Kxc7 Nxc4 52. Bd5 Ne3
53. Bh1 Nc4 54. Bd5 b5 55. Kc6 Na3 56. Kc5 f5 57. Kd4 Kf4 58. Kc3 Ke5 59. Bc6
Kd6 60. Bh1 g5 61. Kb3 Nc4 62. Bg2 g4 63. Bb7 f4 64. Ba6 Kc6 65. Bc8 g3 66. Bh3
f3 67. Kc3 g2 68. Kd3 g1=Q 0-1

[Event "Online Olym Div2 B 2021"]
[Site "chess.com INT"]
[Date "2021.09.03"]
[Round "4.4"]
[Board "4"]
[White "Wilson, Julie"]
[Black "Jalaluldeen, Kareen Kamal J."]
[Result "0-1"]
[BlackTitle "WFM"]
[WhiteElo "1826"]
[BlackElo "1780"]
[WhiteTeam "Wales"]
[BlackTeam "Iraq"]
[WhiteFideId "1800876"]
[BlackFideId "4801776"]
[EventDate "2021.09.02"]
[EventType "team"]

1. d4 d5 2. c4 c6 3. Nf3 Nf6 4. Nc3 e6 5. Bg5 Nbd7 6. e3 h6 7. Bh4 Be7 8. Bd3
dxc4 9. Bxc4 b5 10. Bd3 O-O 11. O-O Bb7 12. Rc1 a6 13. Re1 c5 14. Bb1 Rc8 15. a3
Re8 16. Qe2 Qb6 17. dxc5 Nxc5 18. b4 Ncd7 19. Nd2 Qc6 20. f3 Qb6 21. Bf2 e5 22.
e4 Qd8 23. Red1 Rc7 24. Qe3 Qc8 25. Nb3 Rd8 26. Ne2 Nf8 27. Rxd8 Qxd8 28. Nc3
Ne6 29. Qe1 Rd7 30. Ne2 Rc7 31. Rd1 Qc8 32. Bb6 Rc6 33. Be3 Nh5 0-1

[Event "Online Olym Div2 B 2021"]
[Site "chess.com INT"]
[Date "2021.09.03"]
[Round "4.4"]
[Board "5"]
[White "Rabeea, Sabah Nori"]
[Black "Fowler, Hugo"]
[Result "1-0"]
[WhiteTitle "FM"]
[WhiteElo "2022"]
[BlackElo "1840"]
[WhiteTeam "Iraq"]
[BlackTeam "Wales"]
[WhiteFideId "4806212"]
[BlackFideId "433411"]
[EventDate "2021.09.02"]
[EventType "team"]

1. d4 Nf6 2. Nf3 d5 3. c4 c5 4. e3 cxd4 5. Nxd4 e5 6. Nf3 Nc6 7. Nc3 Bb4 8. Bd2
Be6 9. cxd5 Nxd5 10. Nxd5 Bxd2+ 11. Qxd2 Qxd5 12. Qxd5 Bxd5 13. Be2 Rc8 14. O-O
Ke7 15. Rfd1 Rhd8 16. Bb5 f6 17. Bxc6 Rxc6 18. b3 Bxf3 19. gxf3 Rxd1+ 20. Rxd1
Rc2 21. a4 Rc3 22. Rb1 Kd6 23. Kf1 Kc5 24. b4+ Kc4 25. b5 Ra3 26. Rc1+ Kb4 27.
Rc7 b6 28. Rxa7 Rxa4 29. Rxg7 Kxb5 30. Rxh7 Kc5 31. h4 b5 32. h5 Rh4 33. Ke2 Kb4
34. Kd3 Kb3 35. h6 b4 36. e4 Rh3 37. Ke2 Kb2 38. Rb7 b3 39. h7 Rh4 40. Kd2 Rh2
41. Kd3 Rh3 42. Kd2 Rh2 43. Kd3 Rh3 44. Kc4 Kc2 45. Rxb3 Rxh7 46. Rb6 Rh6 47.
Kd5 Kd3 48. f4 exf4 49. e5 Rh5 50. Rxf6 Rh8 51. Rxf4 1-0

[Event "Online Olym Div2 B 2021"]
[Site "chess.com INT"]
[Date "2021.09.03"]
[Round "4.4"]
[Board "6"]
[White "Ray, Hiya"]
[Black "Al-Fayyadh, Yamama Asif Abdula"]
[Result "1-0"]
[BlackTitle "WCM"]
[WhiteElo "1586"]
[BlackElo "1659"]
[WhiteTeam "Wales"]
[BlackTeam "Iraq"]
[WhiteFideId "1803980"]
[BlackFideId "4806700"]
[EventDate "2021.09.02"]
[EventType "team"]

1. d4 d5 2. Nf3 Nf6 3. c4 e6 4. g3 Be7 5. Bg2 Nbd7 6. O-O O-O 7. Qc2 c6 8. Nbd2
b6 9. e4 dxe4 10. Ng5 c5 11. Ndxe4 Rb8 12. Bf4 Nxe4 13. Nxe4 cxd4 14. Bxb8 Nxb8
15. Rad1 e5 16. f4 f6 17. fxe5 fxe5 18. Rxf8+ Bxf8 19. Nc3 Be6 20. Nd5 Nd7 21.
Rf1 Bc5 22. Kh1 Nf8 23. b4 Bd6 24. Qe4 Ng6 25. h4 Ne7 26. Nxe7+ Qxe7 27. Qa8+ 1-0

[Event "Online Olym Div2 B 2021"]
[Site "chess.com INT"]
[Date "2021.09.03"]
[Round "4.5"]
[Board "1"]
[White "Meshkovs, Nikita"]
[Black "Bologan, Victor"]
[Result "0-1"]
[WhiteTitle "GM"]
[BlackTitle "GM"]
[WhiteElo "2550"]
[BlackElo "2574"]
[WhiteTeam "Latvia"]
[BlackTeam "Moldova"]
[WhiteFideId "11602740"]
[BlackFideId "13900048"]
[EventDate "2021.09.02"]
[EventType "team"]

1. d4 Nf6 2. Nf3 e6 3. g3 b5 4. Bg2 Bb7 5. a4 b4 6. c4 c5 7. d5 exd5 8. Nh4 g6
9. cxd5 Bg7 10. O-O O-O 11. e4 d6 12. Nd2 Ba6 13. Re1 Re8 14. Bf1 Bxf1 15. Kxf1
Nbd7 16. Ra2 Ne5 17. Qe2 Qc8 18. b3 Qh3+ 19. Kg1 Neg4 20. Nf1 Rxe4 21. Qxe4 Nxe4
22. Rxe4 Nf6 23. Rc4 Nxd5 24. Rd2 Nc3 25. Nf3 Re8 26. Ne3 d5 27. Nxd5 Qh5 28.
Nxc3 bxc3 29. Rd3 Qf5 30. Rdxc3 Bxc3 31. Rxc3 Re2 32. Kg2 Rc2 0-1

[Event "Online Olym Div2 B 2021"]
[Site "chess.com INT"]
[Date "2021.09.03"]
[Round "4.5"]
[Board "2"]
[White "Macovei, Andrei"]
[Black "Mustaps, Matiss"]
[Result "1/2-1/2"]
[WhiteTitle "IM"]
[BlackTitle "FM"]
[WhiteElo "2453"]
[BlackElo "2356"]
[WhiteTeam "Moldova"]
[BlackTeam "Latvia"]
[WhiteFideId "13904680"]
[BlackFideId "11602295"]
[EventDate "2021.09.02"]
[EventType "team"]

1. e4 c5 2. Nf3 g6 3. c3 Nf6 4. e5 Nd5 5. d4 cxd4 6. Qxd4 e6 7. c4 Nc6 8. Qe4 f5
9. Qe2 Bb4+ 10. Bd2 Nf4 11. Qe3 g5 12. h4 g4 13. Qxf4 gxf3 14. Qxf3 Bxd2+ 15.
Nxd2 Nxe5 16. Qh5+ Nf7 17. g3 Qf6 18. O-O-O d6 19. Qf3 O-O 20. Bg2 Bd7 21. Qa3
Bc6 22. Rhg1 Kh8 23. Kb1 a5 24. Nb3 a4 25. Nd2 Rfb8 26. f4 Bxg2 27. Rxg2 b5 28.
cxb5 Rxb5 29. Nf3 Rab8 30. Ng5 d5 31. Re2 Nd6 32. Rc1 Nc4 33. Qc3 Rxb2+ 34. Rxb2
Rxb2+ 35. Ka1 Qxc3 36. Rxc3 Re2 37. Kb1 a3 38. Rd3 Rb2+ 39. Ka1 Re2 40. Kb1 Kg7
41. Rc3 Kg6 42. Rd3 h6 43. Nf3 Kh5 44. Nd4 Re1+ 45. Kc2 Kg4 46. Kb3 Rb1+ 47. Kc3
Rb2 48. Nxe6 Rxa2 49. Rxd5 Ne3 50. Ra5 Rc2+ 51. Kd3 Nc4 52. Kxc2 Nxa5 53. Nd4
Nc4 54. Kb3 Nd2+ 55. Kxa3 Ne4 56. Kb4 Nxg3 57. Kc3 Kxh4 58. Kd2 Kg4 59. Ke3 h5
60. Nf3 h4 61. Ne5+ Kh5 62. Kf3 Ne4 63. Nc6 h3 64. Nd4 Kg6 65. Ne2 Kf6 66. Ng3
Ke6 67. Nh5 Nf6 68. Nxf6 Kxf6 69. Kg3 Ke6 70. Kxh3 Kd5 71. Kg3 Kd4 72. Kg2 Ke4
73. Kg3 Ke3 74. Kg2 Kxf4 75. Kf2 Kg4 76. Kg2 f4 77. Kf2 f3 78. Kf1 Kg3 79. Kg1
f2+ 80. Kf1 Kf3 1/2-1/2

[Event "Online Olym Div2 B 2021"]
[Site "chess.com INT"]
[Date "2021.09.03"]
[Round "4.5"]
[Board "3"]
[White "Rogule, Laura"]
[Black "Gitu, Paula-Alexandra"]
[Result "1-0"]
[WhiteTitle "WGM"]
[BlackTitle "WFM"]
[WhiteElo "2286"]
[BlackElo "2113"]
[WhiteTeam "Latvia"]
[BlackTeam "Moldova"]
[WhiteFideId "11601876"]
[BlackFideId "13904620"]
[EventDate "2021.09.02"]
[EventType "team"]

1. d4 d6 2. Nf3 Bg4 3. e4 Nf6 4. Nc3 Nbd7 5. Be2 e5 6. h3 Bh5 7. Be3 Be7 8. Qd2
c6 9. Nh4 Bg6 10. Nf5 O-O 11. g4 b5 12. dxe5 dxe5 13. Rd1 Nb6 14. Qxd8 Bxd8 15.
Bc5 Re8 16. Nd6 Rf8 17. h4 h5 18. Nf5 Re8 19. gxh5 Bxh5 20. Rg1 g6 21. Nd6 Re6
22. Nb7 Be7 23. Bxe7 Rxe7 24. Nc5 b4 25. Bxh5 Nxh5 26. Ne2 Nc4 27. b3 Na3 28. c3
a5 29. f3 Ree8 30. Rd6 Rac8 31. Kf2 Nb5 32. Rd3 Red8 33. Rgd1 Rxd3 34. Rxd3 Kf8
35. c4 Na3 36. Nd7+ Ke7 37. Nxe5 Rc7 38. c5 Nb5 39. Nc4 Ra7 40. Ne5 Rc7 41. Nd4
Nxd4 42. Rxd4 Ng7 43. Rd6 Ne6 44. Rxc6 Rxc6 45. Nxc6+ Kd7 46. Nxa5 Nxc5 47. Ke3
Ne6 48. Nc4 f6 49. Nb2 Kc6 50. Nd3 Kb5 51. Nf4 Nf8 52. Nd5 Nd7 53. Kf4 Kc5 54.
Ke3 f5 55. Ne7 fxe4 56. Kxe4 Nf8 57. Ke5 Nd7+ 58. Ke6 Nb6 59. Nxg6 1-0

[Event "Online Olym Div2 B 2021"]
[Site "chess.com INT"]
[Date "2021.09.03"]
[Round "4.5"]
[Board "4"]
[White "Verbin, Valentina"]
[Black "Vidruska, Renate"]
[Result "1-0"]
[BlackTitle "WFM"]
[WhiteElo "2039"]
[BlackElo "2000"]
[WhiteTeam "Moldova"]
[BlackTeam "Latvia"]
[WhiteFideId "13905910"]
[BlackFideId "11601841"]
[EventDate "2021.09.02"]
[EventType "team"]

1. e4 e5 2. Nf3 Nc6 3. Bb5 a6 4. Ba4 Nf6 5. O-O Be7 6. Re1 b5 7. Bb3 O-O 8. a4
Bb7 9. d3 d6 10. Bd2 h6 11. Nc3 Na5 12. Ba2 b4 13. Ne2 c5 14. c3 Nc6 15. Ng3 Bc8
16. Qc1 Kh7 17. d4 bxc3 18. bxc3 cxd4 19. cxd4 Nxd4 20. Nxd4 exd4 21. Qb2 d3 22.
Qd4 Ng4 23. e5 g6 24. e6 f5 25. Qxd3 Rb8 26. Rab1 Bb7 27. Bc3 Qc8 28. Rbc1 Qe8
29. h3 Nf6 30. Bb1 Ne4 31. Nxe4 Bxe4 32. Qxa6 d5 33. a5 Ra8 34. Qe2 Bc5 35. Bd2
Qe7 36. Qb5 Bd6 37. Qd7 Rfe8 38. f3 Bxb1 39. Rxb1 Ra7 40. Qc6 Bc5+ 41. Kh1 Rc7
42. Qxd5 Rd8 43. Qa2 Qd6 44. Rbd1 Qe7 45. Bf4 Rcc8 46. a6 Ba7 47. Rxd8 Rxd8 48.
Qa5 Kg8 49. Qc7 Qh4 50. Qf7+ Kh8 51. Be5+ Qf6 52. Bxf6# 1-0

[Event "Online Olym Div2 B 2021"]
[Site "chess.com INT"]
[Date "2021.09.03"]
[Round "4.5"]
[Board "5"]
[White "Golubovskis, Maksims"]
[Black "Lashkin, Jegor"]
[Result "1-0"]
[WhiteTitle "FM"]
[BlackTitle "FM"]
[WhiteElo "2210"]
[BlackElo "2386"]
[WhiteTeam "Latvia"]
[BlackTeam "Moldova"]
[WhiteFideId "11608528"]
[BlackFideId "13907808"]
[EventDate "2021.09.02"]
[EventType "team"]

1. e4 c5 2. Nf3 d6 3. d4 cxd4 4. Nxd4 Nf6 5. f3 e5 6. Nb3 d5 7. Bg5 Be6 8. Bxf6
gxf6 9. exd5 Bxd5 10. Nc3 Bb4 11. Qd3 Bc6 12. Qxd8+ Kxd8 13. O-O-O+ Nd7 14. Nd5
Bxd5 15. Rxd5 Kc7 16. c3 Be7 17. Rd1 Nb6 18. Bd3 Rag8 19. g4 h5 20. h3 Rh6 21.
Bf5 Rd8 22. Nd2 Nd5 23. Nc4 b5 24. Be4 Nf4 25. Ne3 Bc5 26. Nd5+ Nxd5 27. Rxd5
Rxd5 28. Bxd5 Rh7 29. gxh5 Kd6 30. Rd1 Ke7 31. Bc6 Rxh5 32. Rd7+ Kf8 33. Bd5 Be7
34. Rxa7 Rxh3 35. Ra8+ Kg7 36. Ra7 Kf8 37. Rb7 b4 38. cxb4 f5 39. b5 Rh4 40. b6
Rb4 41. Rb8+ Kg7 42. b7 Bd6 43. Rd8 Bc7 44. Rd7 Bb8 45. Rxf7+ Kg6 46. Rf8 Bd6
47. Rd8 Bc7 48. Rd7 Bb8 49. Rd8 Bc7 50. Rc8 Bb6 51. b8=Q 1-0